[Event "Barcelona Paredes Memorial 19th"]
[Site "Barcelona"]
[Date "2017.06.17"]
[Round "9"]
[White "Bernat Pascual, Magi"]
[Black "Cabot Muntane, Jordi"]
[Result "0-1"]
[WhiteElo "1753"]
[BlackElo "1854"]
[PlyCount "70"]
[EventDate "2017.04.22"]
[EventType "swiss"]
[EventRounds "9"]
[EventCountry "ESP"]
[SourceTitle "EXT 2018"]
[Source "ChessBase"]
[SourceDate "2017.10.13"]
[SourceVersion "1"]
[SourceVersionDate "2017.10.13"]
[SourceQuality "1"]

1. d4 e6 2. c4 b6 3. Nc3 Bb7 4. Bf4 f5 5. Nf3 Nf6 6. g3 Bb4 7. Bg2 Ne4 8. Qb3 Bxc3+ 9. bxc3 0-0 10. 0-0 d6 11. Rfd1 Qe7 12. a4 a5 13. Ng5 h6 14. Nxe4 Bxe4 15. f3 Bc6 16. e4 g5 17. Be3 Nd7 18. d5 Bb7 19. Re1 e5 20. Bh3 f4 21. gxf4 gxf4 22. Bf2 Bc8 23. Kh1 Nc5 24. Bxc5 Bxh3 25. Bf2 Kh7 26. Rg1 Rg8 27. Qc2 Rxg1+ 28. Rxg1 Rg8 29. Rxg8 Kxg8 30. Qd1 Qg5 31. Qg1 Qxg1+ 32. Kxg1 Kf8 33. Bh4 Ke8 34. Kf2 Bd7 35. Bf6 Bxa4 0-1

[Event "Barcelona Paredes Memorial 19th"]
[Site "Barcelona"]
[Date "2017.04.22"]
[Round "1"]
[White "Bernat Pascual, Magi"]
[Black "Reyes Lopez, Daniel"]
[Result "1/2-1/2"]
[WhiteElo "1753"]
[BlackElo "2012"]
[PlyCount "102"]
[EventDate "2017.04.22"]
[EventType "swiss"]
[EventRounds "9"]
[EventCountry "ESP"]
[SourceTitle "EXT 2018"]
[Source "ChessBase"]
[SourceDate "2017.10.13"]
[SourceVersion "1"]
[SourceVersionDate "2017.10.13"]
[SourceQuality "1"]

1. d4 d6 2. c4 e5 3. d5 f5 4. Nc3 Nf6 5. Bg5 e4 6. e3 Be7 7. Nge2 Nbd7 8. Nd4 Ne5 9. Be2 Nxd5 10. cxd5 Bxg5 11. Bb5+ Kf7 12. Qd2 h6 13. Be2 Re8 14. 0-0-0 Bd7 15. h3 b5 16. Rdg1 Qf6 17. g4 Nd3+ 18. Bxd3 Qxd4 19. gxf5 Bxe3 20. fxe3 Qxd3 21. Qxd3 exd3 22. Kd2 b4 23. Nd1 Bxf5 24. Rf1 g6 25. Nf2 Kg7 26. Rc1 Re7 27. Rc4 Rae8 28. Re1 a5 29. e4 h5 30. Kxd3 Bc8 31. Ke3 Rf8 32. Rec1 Rff7 33. a3 bxa3 34. bxa3 Kh6 35. Ra4 Re8 36. Rac4 Ref8 37. Rxc7 Rxf2 38. Rxc8 R8f3+ 39. Kd4 Rxh3 40. Rd8 Rd2+ 41. Kc4 Rxa3 42. Rxd6 Ra4+ 43. Kb5 Rxe4 44. Kxa5 Red4 45. Rc5 h4 46. Kb6 h3 47. Rc3 Rh4 48. Rg3 Kh5 49. Rdxg6 Rxd5 50. Kc6 h2 51. Rg8 Rc4+ 1/2-1/2

[Event "Martorell op 34th"]
[Site "Martorell"]
[Date "2016.11.19"]
[Round "9"]
[White "Gomez Jurado, Luis Alberto"]
[Black "Bernat Pascual, Magi"]
[Result "1-0"]
[WhiteElo "2243"]
[BlackElo "1725"]
[PlyCount "67"]
[EventDate "2016.09.17"]
[EventType "swiss"]
[EventRounds "9"]
[EventCountry "ESP"]
[SourceTitle "EXT 2018"]
[Source "ChessBase"]
[SourceDate "2017.10.13"]
[SourceVersion "1"]
[SourceVersionDate "2017.10.13"]
[SourceQuality "1"]

1. g3 d5 2. Bg2 Nf6 3. c4 c6 4. Nf3 e6 5. 0-0 Bd6 6. b3 0-0 7. Bb2 Nbd7 8. d4 b6 9. Nbd2 Bb7 10. Ne5 Rc8 11. e4 Nxe4 12. Nxe4 dxe4 13. Bxe4 Nf6 14. Bg2 Qe7 15. Re1 Rfd8 16. Ng4 Nxg4 17. Qxg4 Qf6 18. Re2 Qg6 19. Qf3 Rd7 20. Qe3 Rcd8 21. a4 Bb4 22. h4 h6 23. Kh2 Rc7 24. Be4 Qf6 25. d5 Qe7 26. dxe6 Qxe6 27. Qf3 Qd6 28. Be5 Qd7 29. Bf5 Qe7 30. Bf4 Qf6 31. Bxc7 Rf8 32. Be5 Qd8 33. Qg4 f6 34. Bb2 1-0

[Event "Martorell op 34th"]
[Site "Martorell"]
[Date "2016.10.15"]
[Round "5"]
[White "Hernando Rodrigo, Inmaculada"]
[Black "Bernat Pascual, Magi"]
[Result "1/2-1/2"]
[WhiteElo "1925"]
[BlackElo "1725"]
[PlyCount "59"]
[EventDate "2016.09.17"]
[EventType "swiss"]
[EventRounds "9"]
[EventCountry "ESP"]
[SourceTitle "EXT 2018"]
[Source "ChessBase"]
[SourceDate "2017.10.13"]
[SourceVersion "1"]
[SourceVersionDate "2017.10.13"]
[SourceQuality "1"]

1. e4 c6 2. Nf3 d5 3. Nc3 Bg4 4. exd5 cxd5 5. Bb5+ Nc6 6. h3 Bxf3 7. Qxf3 Nf6 8. d4 e6 9. 0-0 Be7 10. Bg5 0-0 11. Bxc6 bxc6 12. Ne2 Rb8 13. b3 Qc7 14. Bf4 Bd6 15. Bxd6 Qxd6 16. Qf4 Qxf4 17. Nxf4 Rfd8 18. Nd3 Ne4 19. Ne5 Rbc8 20. Rfd1 c5 21. dxc5 Rxc5 22. c4 Nf6 23. b4 Rc7 24. c5 d4 25. c6 Rd5 26. Re1 Ne8 27. Rad1 f6 28. Nf3 Rxc6 29. Rxd4 Nc7 30. Rxd5 1/2-1/2

[Event "Foment Martinenc op-B 18th"]
[Site "Barcelona"]
[Date "2016.06.11"]
[Round "8"]
[White "Bernat Pascual, Magi"]
[Black "Parra Ordorica, Gorka"]
[Result "1-0"]
[WhiteElo "1527"]
[BlackElo "1271"]
[PlyCount "63"]
[EventDate "2016.04.23"]
[EventType "swiss"]
[EventRounds "9"]
[EventCountry "ESP"]
[SourceTitle "EXT 2017"]
[Source "ChessBase"]
[SourceDate "2016.10.25"]
[SourceVersion "1"]
[SourceVersionDate "2016.10.25"]
[SourceQuality "1"]

1. d4 Nf6 2. c4 e6 3. Nc3 Bb4 4. Nf3 c5 5. Bd2 Nc6 6. e3 0-0 7. Bd3 b6 8. 0-0 Bb7 9. a3 Bxc3 10. bxc3 d6 11. Qc2 h6 12. Rab1 Rb8 13. Rfe1 Nd7 14. d5 Nce5 15. Nxe5 Nxe5 16. e4 Ba6 17. Bf4 Bxc4 18. Bxc4 Nxc4 19. Qa4 Na5 20. c4 Ra8 21. e5 dxe5 22. Rxe5 exd5 23. Rxd5 Qh4 24. g3 Qg4 25. Re1 Kh7 26. Re7 Kg8 27. Kg2 Qc8 28. Bd2 Qc6 29. Qxc6 Nxc6 30. Rc7 Rac8 31. Rdd7 Rfd8 32. Rxc6 1-0

[Event "Barcelona Sant Marti op-B 17th"]
[Site "Barcelona"]
[Date "2015.07.15"]
[Round "3"]
[White "Valbuena Castro, Gregorio"]
[Black "Bernat Pascual, Magi"]
[Result "0-1"]
[WhiteElo "1944"]
[BlackElo "1850"]
[PlyCount "94"]
[EventDate "2015.07.13"]
[EventType "swiss"]
[EventRounds "9"]
[EventCountry "ESP"]
[SourceTitle "EXT 2016"]
[Source "ChessBase"]
[SourceDate "2015.10.08"]
[SourceVersion "1"]
[SourceVersionDate "2015.10.08"]
[SourceQuality "1"]

1. e4 c6 2. d4 d5 3. e5 Bf5 4. Bd3 Bxd3 5. Qxd3 e6 6. Nf3 Nd7 7. 0-0 Ne7 8. b3 c5 9. Ba3 Nc6 10. Re1 Be7 11. c4 dxc4 12. bxc4 cxd4 13. Bxe7 Qxe7 14. Nbd2 0-0 15. Rab1 Nb6 16. Nxd4 Qd7 17. N2f3 Rfd8 18. Rbd1 Rac8 19. Re4 Na5 20. Rh4 h6 21. Ng5 hxg5 22. Qh7+ Kf8 23. Qh8+ Ke7 24. Nf5+ exf5 25. Rxd7+ Rxd7 26. Qh5 gxh4 27. h3 Naxc4 28. Qxf5 Rd5 29. Qg5+ Kf8 30. Qxh4 Kg8 31. e6 Ne5 32. Qe7 fxe6 33. Qxe6+ Nf7 34. a4 Ra5 35. Qe7 Rxa4 36. Qxb7 Ra2 37. Qe7 Ra4 38. Kh2 Ra8 39. Qb7 Rb4 40. Qa6 Ra4 41. Qb7 Rd4 42. Qc7 Rd6 43. Qc1 a5 44. Qa3 a4 45. Kg3 Rad8 46. Kh2 Rd3 47. Qb4 Rb3 0-1

[Event "Barcelona Sant Marti op-B 16th"]
[Site "Barcelona"]
[Date "2014.07.17"]
[Round "5"]
[White "Bernat Pascual, Magi"]
[Black "Ylla Soro, Rafael"]
[Result "1-0"]
[WhiteElo "1869"]
[BlackElo "1799"]
[PlyCount "81"]
[EventDate "2014.07.13"]
[EventType "swiss"]
[EventRounds "9"]
[EventCountry "ESP"]
[SourceTitle "CBM 161 Extra"]
[Source "ChessBase"]
[SourceDate "2014.08.29"]
[SourceVersion "1"]
[SourceVersionDate "2014.08.29"]
[SourceQuality "1"]

1. d4 f5 2. c4 Nf6 3. Nc3 e6 4. Nf3 b6 5. g3 Bb7 6. Bg2 Be7 7. 0-0 0-0 8. b3 Nc6 9. d5 exd5 10. Nxd5 Nb4 11. Nc3 Ne4 12. Bb2 Bf6 13. Nd4 Bxd4 14. Qxd4 Nc2 15. Qe5 Re8 16. Qxf5 Qe7 17. Rad1 Rad8 18. Nxe4 Bxe4 19. Bxe4 Qxe4 20. Qxe4 Rxe4 21. Rd2 Nb4 22. a3 Nc6 23. Rfd1 d6 24. e3 Ne5 25. Kg2 Rf8 26. Bxe5 Rxe5 27. Rd5 Rfe8 28. Rxe5 Rxe5 29. Rd5 Kf7 30. Rxe5 dxe5 31. Kf3 Kf6 32. Ke4 Ke6 33. f4 exf4 34. gxf4 c6 35. b4 g6 36. b5 cxb5 37. cxb5 h6 38. h3 h5 39. Kd4 g5 40. fxg5 Kf5 41. h4 1-0

[Event "Barcelona Sant Marti op-B 16th"]
[Site "Barcelona"]
[Date "2014.07.16"]
[Round "4"]
[White "Garcia Hernandez, Jose Luis"]
[Black "Bernat Pascual, Magi"]
[Result "0-1"]
[WhiteElo "1700"]
[BlackElo "1869"]
[PlyCount "70"]
[EventDate "2014.07.13"]
[EventType "swiss"]
[EventRounds "9"]
[EventCountry "ESP"]
[SourceTitle "CBM 161 Extra"]
[Source "ChessBase"]
[SourceDate "2014.08.29"]
[SourceVersion "1"]
[SourceVersionDate "2014.08.29"]
[SourceQuality "1"]

1. e4 c6 2. d4 d5 3. Nc3 dxe4 4. Nxe4 Bf5 5. Ng3 Bg6 6. Be3 e6 7. Nf3 Nd7 8. Bg5 Ngf6 9. Nh4 Qc7 10. Nxg6 hxg6 11. Bd3 Be7 12. Qe2 0-0-0 13. h3 Nb6 14. c3 Nbd5 15. Qf3 Qb6 16. Rb1 Rd7 17. 0-0 Rhd8 18. Bd2 c5 19. Rfc1 Kb8 20. Ne2 Nc7 21. b4 cxd4 22. c4 Qc6 23. Qxc6 bxc6 24. a4 Na6 25. b5 cxb5 26. Rxb5+ Kc7 27. Ba5+ Kc6 28. Bxd8 Rxd8 29. Rd1 Nb4 30. f3 a6 31. Ra5 Kb6 32. Rg5 Ne4 33. a5+ Kc7 34. Rg4 Nc3 35. Nxc3 dxc3 0-1

[Event "Foment Martinenc op-C 16th"]
[Site "Barcelona"]
[Date "2014.06.21"]
[Round "9"]
[White "Bernat Pascual, Magi"]
[Black "Llados Masllorens, Josep"]
[Result "1/2-1/2"]
[WhiteElo "1772"]
[BlackElo "1707"]
[PlyCount "43"]
[EventDate "2014.04.26"]
[EventType "swiss"]
[EventRounds "9"]
[EventCountry "ESP"]
[SourceTitle "EXT 2015"]
[Source "ChessBase"]
[SourceDate "2014.11.20"]
[SourceVersion "1"]
[SourceVersionDate "2014.11.20"]
[SourceQuality "1"]

1. d4 d5 2. c4 e6 3. Nc3 Nf6 4. Bg5 Nbd7 5. Nf3 c6 6. e3 Qa5 7. Nd2 Bb4 8. Qc2 0-0 9. Be2 dxc4 10. Bf4 Nd5 11. Nxd5 cxd5 12. a3 Bxd2+ 13. Qxd2 Qxd2+ 14. Kxd2 b5 15. Kc3 Nf6 16. a4 Ne4+ 17. Kc2 bxa4 18. f3 Nf6 19. Rxa4 Bd7 20. Ra3 Bb5 21. Kc3 a6 22. Rha1 1/2-1/2

[Event "Barcelona Sant Marti op-B 15th"]
[Site "Barcelona"]
[Date "2013.07.16"]
[Round "4"]
[White "Bernat Pascual, Magi"]
[Black "Lopez Mayoral, Miguel Angel"]
[Result "1-0"]
[WhiteElo "1511"]
[BlackElo "1645"]
[PlyCount "105"]
[EventDate "2013.07.13"]
[EventType "swiss"]
[EventRounds "9"]
[EventCountry "ESP"]
[SourceTitle "CBM 155 Extra"]
[Source "ChessBase"]
[SourceDate "2013.08.26"]
[SourceVersion "1"]
[SourceVersionDate "2013.08.26"]
[SourceQuality "1"]

1. d4 b6 2. c4 Bb7 3. Nc3 e6 4. e3 Nf6 5. Nf3 Be7 6. Bd3 0-0 7. 0-0 d5 8. cxd5 exd5 9. Qc2 Ba6 10. Bd2 Re8 11. Rac1 Bxd3 12. Qxd3 Nbd7 13. Ng5 Nf8 14. Rc2 Ne6 15. Nxe6 fxe6 16. Rfc1 c5 17. dxc5 bxc5 18. b3 Rf8 19. Na4 Qd6 20. Nxc5 Ng4 21. f4 e5 22. Qe2 Nf6 23. Qf3 e4 24. Qh3 Rab8 25. Qe6+ Kh8 26. Qxd6 Bxd6 27. Ne6 Rfe8 28. Ng5 Rf8 29. Rc6 Ba3 30. R1c2 Ra8 31. Rc7 h6 32. Ne6 Rg8 33. Rb7 Bd6 34. Rc6 Ne8 35. Rb5 Nf6 36. Rxd6 Rgc8 37. Rc5 Rxc5 38. Nxc5 Rc8 39. b4 a5 40. a3 axb4 41. axb4 Ra8 42. Ra6 Rb8 43. Kf2 Ng4+ 44. Kg3 h5 45. h3 Nf6 46. Kf2 Ne8 47. Ra5 Nf6 48. Na4 Rc8 49. Nc3 Rd8 50. b5 d4 51. exd4 Rxd4 52. Ke2 Nd7 53. Ra4 1-0